Some Issues of Withdrawal of the United Kingdom of Great Britain and Northern Ireland from the European Union

Some Issues of Withdrawal of the United Kingdom of Great Britain and Northern Ireland from the European Union

Na minha lista:
Detalhes bibliográficos
Autor principal: Lipková, Ľudmila
Formato: Capítulo de Livro
Idioma:inglês
Assuntos:
Tags: Adicionar Tag
Sem tags, seja o primeiro a adicionar uma tag!

MARC

LEADER 00000nla a2200000 4500
001 0243830
005 20240502083653.2
041 0 |a eng 
044 |a CZ 
245 1 0 |a Some Issues of Withdrawal of the United Kingdom of Great Britain and Northern Ireland from the European Union  |c Ľudmila Lipková 
520 |a Some Issues of Withdrawal of the United Kingdom of Great Britain and Northern Ireland from the European Union 
610 2 0 |a Európska únia 
610 2 0 |a dezintegrácia 
610 2 0 |a Spojené kráľovstvo 
610 2 0 |a Veľká Británia 
610 2 0 |a integrácia ekonomická 
610 2 0 |a integrácia ekonomická medzinárodná 
610 2 0 |a trh jednotný 
100 1 |a Lipková, Ľudmila